000 00452nam a2200169 a 4500
001 000047611
005 20201002060633.0
008 180705s2017 dr 000 spa d
020 _a9789945168402
040 _aDO-SdBNP
_bspa
_cBNPHU
082 _axxx
_bA797g
100 1 _aArzeno, Hilda
_975245
245 0 _a¿Gorda yo? /
_cHilda Arzeno.
260 _aSanto Domingo :
_bBúho,
_c2017.
300 _a112 p. ;
_c24 cm.
590 _aInventariado,2018/DG
999 _c47099
_d47099